Iniciativas de descentralización en Costa Rica /
Guardat en:
| Autor principal: | |
|---|---|
| Autor corporatiu: | , |
| Format: | Text |
| Publicat: |
San José:
FLACSO. CASC-UCA
|
| Matèries: | |
| Etiquetes: |
Afegir etiqueta
Sense etiquetes, Sigues el primer a etiquetar aquest registre!
|
MARC
| LEADER | 00000 a a2200000 04500 | ||
|---|---|---|---|
| 001 | 29319 | ||
| 003 | |||
| 040 | |||
| 020 | |a 9977-68-82-5 | ||
| 090 | |a 191700 | ||
| 100 | |a Rivera Araya, Roy | ||
| 110 | |a FLACSO. Programa Costa Rica | ||
| 245 | |a Iniciativas de descentralización en Costa Rica / |c FLACSO. Programa Costa Rica | ||
| 260 | |a San José: |b FLACSO. CASC-UCA | ||
| 300 | |a 34 p | ||
| 650 | |a DESCENTRALIZACION | ||
| 650 | |a ESTADO | ||
| 650 | |a GOBIERNO LOCAL | ||
| 650 | |a IMPUESTO A LA PROPIEDAD | ||
| 710 | |a Centro de Análisis Socio Cultural |a CASC-UCA | ||
| 999 | |c 8188 |d 8188 | ||
